Statistics for アイマススマホゲームプレイアブルキャラクター(所属事務所を除く)

Click here to take the quiz!

General Stats

  • This quiz has been taken 5 times
  • The average score is 6 of 9

Answer Stats

ゲーム名Answer% Correct
デレステ最上静香
100%
宮本フレデリカ
100%
ジュリア
80%
ミリシタ詩花
80%
玲音
80%
一ノ瀬志希
80%
シャニマス星野ルビー
40%
MEMちょ
40%
有馬かな
20%

Score Distribution

Percentile by Number Answered

Percent of People with Each Score

Your Score History

You have not taken this quiz